| 000 | 00666pam a2200193 a 4500 | ||
|---|---|---|---|
| 001 | 4867344 | ||
| 005 | 20240304032706.0 | ||
| 008 | 920117s1992 ne a b 000 0 eng | ||
| 020 | _a9211301440. | ||
| 040 |
_aDLC _cDLC _dDLC |
||
| 082 | 0 | 0 |
_a323.334. _220 _bWOM. |
| 245 | 0 | 0 |
_aWomen in politics and decision-making in the late twentieth century : _ba United Nations study / _cUnited Nations Office at Vienna, Centre for Social Development and Humanitarian Affairs. |
| 260 |
_aDordrecht ; _bMartinus Nijhoff Publisher , _c1992. |
||
| 300 | _axv, 123 p. : | ||
| 650 | 0 | _aWomen in public life. | |
| 650 | 0 | _aWomen | |
| 650 | 0 | _aWomen government executives. | |
| 942 | _cL | ||
| 999 |
_c536 _d536 |
||